000 01381nam a2200229Ia 4500
999 _c29172
_d29172
003 OSt
005 20210107132321.0
008 160316s1999 xxu||||| |||| 00| 0 eng d
020 _a9041112197
040 _c.
082 _a341.751000
_bSEI
100 _aSeidl-Hohenveldern Ignaz
245 _aInternational economic law
250 _a3rd
260 _aThe Hague
_bKluwer Law International
_c1999
300 _a301p
_cxv
365 _bRs. 13,513
505 _aContents: 1. Introduction 2. The subjects of international economic law 3. Sovereignty in international economic law 4. The sources of international economic law 5. The State in International Economic Law 6. Bilateral inter-State economic relations 7. General notions on the role of international organizations in international law 8. Some succinct remarks on specific organizations 9. Joint inter-State enterprises 10. Individuals in international economic law 11. Basic economic rights of States 12. Human rights of economic value 13. Property rights of aliens 14. Problems of State responsibility in international economic law 15. Dispute settlement in international economic law 16. Economic warfare 17. Conclusions
650 _a1. International Economic Integration 2. Foreign Trade Regulation3. International Business Enterprises - Law & Legislation
700 _a
_a
942 _2ddc
_cBK